1749 1896 1446 1338 1435 1573 1066 1293 1555 1040 1604 1817 1283 1489 1798 1219 1559 1652 1642 1132 1942 1254 1543 1110 1279 1880 1389 1520 1246 1485 1616 1590 1820 1179 1231 1539 1017 1181 1340 1658 1442 1503 1235 1503 1031 1525 1693 1823 1357 1974 1315 1762 1304 1893 1234 1264 1088 1508 1790 1805 2000 1469 1446 1204 1294 1392 1689 1942 1097 1638 1385 1008 1669 1798 1528 1279 1933 1219 1040 1181 1600 1945 1728 1283 1721 1156 1824 1580 1682 1951 1980 1736 1979 1291 1378 1354 1046 1268 1184 BCNSPRNW ULIB Ver.6.0+V

เปลี่ยนเป็นภาษาไทย

Change to English
 แสดงรายละเอียดบรรณานุกรม
  กลับหน้าหลัก

Brief Record : Get Marc (ISO 2709) : E-mail record : QR code < ปิดหน้าต่าง
LEADER : 00000nam 2200000uu 4500
001    13399115009
003     ULIB
008    120629s2552||||th 000 0 tha d
020    9786117055010
082 0  นว.^bม674ส
090    นว.^bม674ส
100 0  Moony
245 00 สงครามเจ้าอเวจี/^cMoony
260    กรุงเทพฯ :^bตะวันสอง,^c2552
300    274 หน้า
945    ^p175^l0^i026535
995    ทศพร
999 ^a ใช้งานได้ทุกระบบ
รายการนี้ยังไม่มีแท็ก
คุณยังไม่ได้ล็อกอิน คุณสามารถมีกิจกรรมร่วมกับเว็บไซต์ได้ แต่ต้องล็อกอินก่อน ::
  ล็อกอิน

รายการสื่อสารสนเทศ

ลำดับที่ ประเภท เลขเรียก/บาร์โค้ด สถานที่ สถานะ
1. นวนิยาย
นวนิยาย
นว. ม674สนว. ม674ส  
  Barcode: 026535
ห้องสมุดวิทยาเขตสวรรค์ประชารักษ์
►นวนิยาย
บนชั้น
  ขอยืม

BibComment


ยังไม่เคยถูกคอมเมนท์

คอมเมนท์ทรัพยากรรายการนี้
  คอมเมนท์: สงครามเจ้าอเวจี M..


 Copyright 2026. Bcnsprnw @Library